Titre de Groupe de Rock/Metal version Français - Statistiques

Statistiques générales
  • Ce quiz a été pris 157 fois
  • Le résultat moyen est 16 sur 33
Statistiques - réponses
Titre Artiste Titre original % Correct
Aide The Beatles Help
98%
Ne m'arrête pas maintenant Queen Don't Stop Me Now
96%
Hotel Californien Eagles Hotel California
94%
Neige Red Hot Chili Pepper Snow
93%
Pluie de Novembre Gun n Roses November Rain
92%
Oiseau Libre Lynyrd Skynyrd Free Bird
89%
Autoroute vers l'Enfer AC/DC Highway to Hell
87%
Marche Pantera Walk
86%
Escaliers vers le paradis Led Zeppelin Stairway to Heaven
79%
Dualité Slipknot Duality
73%
Sans surprise Radiohead No Surprise
73%
Maître des Marionettes Metallica Master of Puppets
70%
L'homme de fer Black Sabbath Iron Man
55%
Le meilleur de toi Foo Fighter Best of You
53%
Cauchemar Polyphia Nightmare
53%
Mary sur la croix Ghost Mary on a Cross
47%
Vieilles Brique Jaune Arctic Monkeys Old Yellow Bricks
39%
Le soldat Iron Maiden The Trooper
35%
La fin Amer Placebo The Bitter End
32%
Frère d'arme Dire Straits Brother in Arms
31%
L'enfant dans le Temps Deep Purple Child in Time
30%
Le soulèvement Muse ou Sabaton Uprising
30%
Salut au Roi Avenged Sevenfold Hail to the King
28%
Le grand concert dans le ciel Pink Floyd The Great Gig in the Sky
28%
Regarde le monde Brûler Falling in Reverse Watch the World Burn
28%
Rompre les Habitudes Linkin Park Breaking the Habbits
26%
A travers le feu et les flammes Dragonfoce Through the Fire and Flames
18%
L'enfer des Dieux Mass Hysteria L'enfer des Dieux
13%
Echoué Gojira Stranded
12%
Les démons sont les meilleurs amis des femmes Powerwolf Demons are Girl's Best Friend
3%
Poignarder dans l'obscurité Ice Nine Kills Stabbing in the Dark
3%
Estuaire du cinqième Genesis Firth of Fifth
2%
Tout ce qui precede Transatlantic All of the Above
0%
Aucun quiz correspondant
Distribution des résultats
% des personnes avec chaque résultat
Percentile par nombre de réponses
Votre historique - résultats
Vous n’avez pas pris ce quiz